| 000 | 00464nam a22001697a 4500 | ||
|---|---|---|---|
| 003 | BD-ChCU | ||
| 005 | 20251210094344.0 | ||
| 008 | 251210b bg ||||| |||| 00| 0 ben d | ||
| 040 | _cBD-ChCU | ||
| 082 | _a521 STI | ||
| 100 |
_aSterne, Theodore E. _917871 |
||
| 245 |
_aAn introduction to Celestial mechanics.// _cTheodore E. Sterne. |
||
| 260 |
_aNew York _bInterscience pub _c1960 |
||
| 300 | _axi, 206p | ||
| 650 | 0 |
_aAstronomy. _917874 |
|
| 942 |
_2ddc _cBK _n0 |
||
| 999 |
_c110311 _d110311 |
||